00921nam a2200217Ia 4500003000900000008004100009020001800050040001600068080001700084111009200101245018700193260003600380300001000416650004100426650004300467700003200510700003600542942000700578999001500585952010300600IN-BaIIA211028s9999 xx 000 0 eng d a0-460-04254-8 cIIA Library a52(091)bBUR aEinstein Centennial Celebration Science SymposiumcCarbondaled1979 Feb 23-Mar 2912274 4athe age of stonehengebproceedings of Einstein centennial celebration science Symposium held at Carbondale, February 23 - March 2, 1979cedited by Colin Burgess and Richard S Millman aLondonbJ. M. Dent & Sonsc1980 a402p. aAstronomy and Astrophysics thesaurus aHistory of Astronomy stonehenge912275 aBurgess, Colin., ed.912276 aMillman, Richard S., ed.912277 cBK c7157d7157 00104070aBANbBANcGENd1982-09-10l0o52(091)/ BURp7952r2021-11-05w1982-09-10yBKG£ 31.20